|
|
|
|
| LEADER |
00000nam a2200000 a 4500 |
| 001 |
vtls001069468 |
| 003 |
SK-MaSNL |
| 005 |
20260301110917.0 |
| 008 |
250414s1992 xo 0 slo |
| 015 |
|
|
|a SNBA1992/11
|
| 020 |
|
|
|a 8008011076
|
| 035 |
|
|
|a SNK000012298
|
| 040 |
|
|
|a SNK
|b slo
|c SNK
|e AACR2
|
| 041 |
0 |
|
|a slo
|
| 044 |
|
|
|a xo
|c SK
|
| 080 |
|
|
|a 372.880.854(075.2)
|2 1981
|
| 245 |
0 |
0 |
|a Slovenský jazyk pre 7. ročník ZŠ s vyučovacím jazykom maďarským ; Klára Buzássyová, Zoltán Fekete, Mária Méryová, Lívia Orechová, Ján Petrášek, Anna Miniariková, Milan Spál
|
| 250 |
|
|
|a 2. preprac. vyd.
|
| 260 |
|
|
|a Bratislava
|b Slovenské pedagogické nakladateľstvo
|c 1992
|e Nitra
|f Nitrianske tlačiarne
|
| 300 |
|
|
|a 248 s.
|c 20 cm
|
| 500 |
|
|
|a Slov. Schválilo MŠM a športu SR.
|
| 700 |
1 |
|
|a Buzássyová, Klára,
|d 1938-
|4 aut
|9 104509
|
| 700 |
1 |
|
|a Fekete, Zoltán
|4 aut
|9 9366
|
| 700 |
1 |
|
|a Méryová, Mária
|4 aut
|9 45699
|
| 700 |
1 |
|
|a Orechová, Lívia
|4 aut
|9 46078
|
| 700 |
1 |
|
|a Petrášek, Ján
|4 bkd
|9 5261
|
| 700 |
1 |
|
|a Miniariková, Anna
|4 bkd
|9 278711
|
| 700 |
1 |
|
|a Spál, Milan,
|d 1931-
|4 bkd
|9 242513
|
| 852 |
|
|
|a Slovenská národná knižnica
|
| 919 |
|
|
|a 80-08-01107-6
|
| 958 |
|
|
|a UC
|
| 958 |
|
|
|a TL
|
| 999 |
|
|
|c 704739
|d 706669
|
| 952 |
|
|
|t P60, <04>, [BOOK], {604}
|a SNK
|b SNK
|y VYP
|7 0
|p 17A0304845
|o snkSC 82448 D1
|i snkKSP 7893/92
|0 0
|1 0
|4 0
|d 2001-06-16
|l 0
|r 2004-12-31 00:00:00
|w 2026-02-23
|
| 952 |
|
|
|a SNK
|b SNK
|y PREZ
|7 0
|p 17A0949315
|o snkSC 82448
|0 0
|1 0
|4 0
|d 2012-08-14
|l 0
|r 2025-08-19 00:00:00
|w 2026-02-23
|